[Event "Titled Tue 1st Jul Late"]
[Site "chess.com INT"]
[Date "2025.07.01"]
[Round "3"]
[White "Marichal Gonzalez, Ariel"]
[Black "Reprintsev, Alexander"]
[Result "0-1"]
[WhiteTitle "IM"]
[BlackTitle "IM"]
[WhiteElo "2268"]
[BlackElo "2256"]
[WhiteFideId "3503232"]
[BlackFideId "14100541"]
[EventDate "2025.07.01"]

1. c4 e5 2. Nc3 Nf6 3. g3 Bb4 4. Bg2 O-O 5. e3 Bxc3 6. bxc3 e4 7. Ne2 Re8 8. O-O
Nc6 9. Ba3 d6 10. Nd4 Ne5 11. c5 Nc4 12. Qa4 Nxd2 13. Rfd1 dxc5 14. Bxc5 Bd7 15.
Qb4 b6 16. Rxd2 a5 17. Qa3 bxc5 18. Qxc5 Qc8 19. Nc6 Bxc6 20. Qxc6 Ra6 21. Qc4
Qe6 22. Qa4 h6 23. Rad1 Kh7 24. Rd8 Rxd8 25. Rd2 Rxd2 0-1

[Event "Titled Tue 1st Jul Late"]
[Site "chess.com INT"]
[Date "2025.07.01"]
[Round "3"]
[White "Dauer, Andre Leonardo"]
[Black "Tao, Sihan"]
[Result "0-1"]
[WhiteTitle "CM"]
[BlackTitle "FM"]
[WhiteElo "2138"]
[BlackElo "2202"]
[WhiteFideId "2126915"]
[BlackFideId "30982677"]
[EventDate "2025.07.01"]

1. e4 c5 2. Nf3 g6 3. g3 Bg7 4. Bg2 Nc6 5. O-O Nf6 6. Re1 O-O 7. c3 Qb6 8. d4
cxd4 9. cxd4 d5 10. e5 Ne4 11. b3 Bg4 12. Be3 Rac8 13. h3 Bxf3 14. Bxf3 Nb4 15.
Re2 e6 16. Bxe4 dxe4 17. d5 Qa5 18. dxe6 Qxe5 19. exf7+ Rxf7 20. Na3 Qxa1 0-1

[Event "Titled Tue 1st Jul Late"]
[Site "chess.com INT"]
[Date "2025.07.01"]
[Round "3"]
[White "Sinkar, Anagha Aniket"]
[Black "Guliev, Gasan"]
[Result "0-1"]
[WhiteTitle "WCM"]
[BlackTitle "CM"]
[WhiteElo "1776"]
[BlackElo "2123"]
[WhiteFideId "30974780"]
[BlackFideId "34165638"]
[EventDate "2025.07.01"]

1. e4 c5 2. c3 d5 3. exd5 Nf6 4. Bb5+ Nbd7 5. Nf3 a6 6. Bc4 b5 7. Bb3 c4 8. Bc2
Bb7 9. O-O Bxd5 10. d3 cxd3 11. Bxd3 e6 12. Bf4 Be7 13. Nbd2 h6 14. Nb3 O-O 15.
Bc2 Bc4 16. Re1 Nc5 17. Nfd4 Rc8 18. Qf3 Qd5 19. Qe3 Qh5 20. h3 Nd5 21. Qe5 Nxf4
22. Qxf4 Nd3 23. Qe4 f5 24. Qe5 Nxe5 0-1

[Event "Titled Tue 1st Jul Late"]
[Site "chess.com INT"]
[Date "2025.07.01"]
[Round "3"]
[White "Baturin-Vinogradov, Miroslav"]
[Black "Leinov, Roman"]
[Result "1-0"]
[WhiteTitle "CM"]
[BlackTitle "CM"]
[WhiteElo "2046"]
[BlackElo "2120"]
[WhiteFideId "55745741"]
[BlackFideId "13504649"]
[EventDate "2025.07.01"]

1. e4 c5 2. Nf3 g6 3. d4 cxd4 4. Nxd4 Bg7 5. c4 Nc6 6. Be3 Nf6 7. Nc3 Ng4 8.
Qxg4 Bxd4 9. Bxd4 Nxd4 10. O-O-O d6 11. Qf4 e5 12. Qe3 Be6 13. Ne2 Nxe2+ 14.
Bxe2 Qc7 15. Kb1 O-O 16. h4 a6 17. h5 Kg7 18. hxg6 hxg6 19. Qh6+ Kf6 20. f4 Rh8
21. Qg5+ Kg7 22. f5 Bxc4 23. f6+ Kg8 24. Rxh8+ Kxh8 25. Qh6+ 1-0

[Event "Titled Tue 1st Jul Late"]
[Site "chess.com INT"]
[Date "2025.07.01"]
[Round "3"]
[White "Evdokimov, Alexey"]
[Black "Miserendino, Alfredo"]
[Result "1-0"]
[WhiteTitle "FM"]
[WhiteElo "2205"]
[BlackElo "2032"]
[WhiteFideId "24162450"]
[BlackFideId "101800"]
[EventDate "2025.07.01"]

1. e4 c5 2. d4 cxd4 3. c3 dxc3 4. Nxc3 Nc6 5. Bc4 e6 6. Nf3 a6 7. O-O Qc7 8. Bg5
Bd6 9. h3 Nge7 10. Re1 Bf4 11. Bh4 f6 12. Rc1 Bxc1 13. Qxc1 O-O 14. Bd3 Ne5 15.
Nxe5 Qxe5 16. Bg3 Qa5 17. Bd6 Qd8 18. e5 f5 19. Na4 b5 20. Qc5 Re8 21. Bc7 d6
22. exd6 Qd7 23. Nb6 Qc6 24. Qxc6 Nxc6 25. Nxa8 1-0

[Event "Titled Tue 1st Jul Late"]
[Site "chess.com INT"]
[Date "2025.07.01"]
[Round "3"]
[White "Kodihalli, Kaustubh"]
[Black "Shuvalov, Evgenij"]
[Result "1-0"]
[WhiteElo "2038"]
[BlackElo "1986"]
[WhiteFideId "30956455"]
[BlackFideId "4187237"]
[EventDate "2025.07.01"]

1. e4 e6 2. d4 d5 3. e5 c5 4. c3 Nc6 5. Nf3 Qb6 6. a3 Bd7 7. b4 cxd4 8. cxd4 Rc8
9. Be3 Nh6 10. Bd3 Ng4 11. O-O Nxe3 12. fxe3 Be7 13. Nbd2 Nb8 14. Rc1 O-O 15.
Qe2 Ba4 16. e4 Nd7 17. exd5 exd5 18. Bf5 Rc7 19. Rxc7 Qxc7 20. e6 fxe6 21. Qxe6+
Kh8 22. Bxh7 Kxh7 23. Qxe7 Qf4 24. Ng5+ Kg6 25. Rxf4 Rxf4 26. Ndf3 Nf6 27. Ne6
Rg4 28. Ne5+ Kf5 29. Nxg4 Nxg4 30. Nxg7+ Kg6 31. Ne6 Nf6 32. Nc5 Bc6 33. Nxb7 1-0

[Event "Titled Tue 1st Jul Late"]
[Site "chess.com INT"]
[Date "2025.07.01"]
[Round "3"]
[White "Javakhadze, Zurab"]
[Black "Chakrabarti, Brejesh"]
[Result "1-0"]
[WhiteTitle "IM"]
[BlackTitle "FM"]
[WhiteElo "2418"]
[BlackElo "2282"]
[WhiteFideId "13603647"]
[BlackFideId "30969280"]
[EventDate "2025.07.01"]

1. e4 c5 2. Nf3 Nc6 3. Bb5 g6 4. Bxc6 bxc6 5. O-O Bg7 6. d3 e5 7. Nbd2 Ne7 8.
Nc4 d6 9. Ne1 O-O 10. f4 exf4 11. Bxf4 d5 12. Ne5 dxe4 13. dxe4 Qb6 14. Rb1 c4+
15. Kh1 Be6 16. Nd7 Bxd7 17. Qxd7 Rfe8 18. Nf3 Rad8 19. Qh3 Qc5 20. Ng5 h5 21.
Nxf7 Rd4 22. Qe6 Rf8 23. Bd6 1-0

[Event "Titled Tue 1st Jul Late"]
[Site "chess.com INT"]
[Date "2025.07.01"]
[Round "3"]
[White "Vazelakis, Dimitrios"]
[Black "Zakin, Ilay"]
[Result "0-1"]
[BlackTitle "FM"]
[WhiteElo "1857"]
[BlackElo "2300"]
[WhiteFideId "4203674"]
[BlackFideId "2848279"]
[EventDate "2025.07.01"]

1. d4 Nf6 2. Nf3 g6 3. g3 Bg7 4. Bg2 O-O 5. O-O d6 6. Nbd2 Nc6 7. e4 e5 8. c3
Re8 9. Re1 a5 10. d5 Ne7 11. c4 Nd7 12. b3 Nc5 13. Rb1 f5 14. a3 Nd3 15. Re3
Nxc1 16. Rxc1 b6 17. b4 axb4 18. axb4 Rf8 19. exf5 Nxf5 20. Re1 Bd7 21. Ne4 h6
22. c5 Nd4 23. Nxd4 exd4 24. cxd6 cxd6 25. Nxd6 Ba4 26. Qg4 Qxd6 27. Re6 Bd7 28.
Rxd6 Bxg4 29. Rxb6 d3 30. f3 Bd4+ 31. Kf1 Bxb6 32. Rd1 Bxf3 33. Bxf3 Rxf3+ 34.
Kg2 Rf2+ 0-1

[Event "Titled Tue 1st Jul Late"]
[Site "chess.com INT"]
[Date "2025.07.01"]
[Round "3"]
[White "Ruiz Vazquez, Javier"]
[Black "Baker, Aidan"]
[Result "1-0"]
[WhiteTitle "CM"]
[WhiteElo "2157"]
[BlackElo "2130"]
[WhiteFideId "54727308"]
[BlackFideId "30981565"]
[EventDate "2025.07.01"]

1. d4 d5 2. Nf3 Nf6 3. c4 c6 4. Nc3 dxc4 5. e4 b5 6. e5 Nd5 7. Ne4 Bf5 8. Ng3
Bg6 9. a3 e6 10. Be2 Nd7 11. O-O Be7 12. Bd2 O-O 13. Rc1 c5 14. b3 cxb3 15. Qxb3
a6 16. dxc5 Nxc5 17. Qb2 Nd3 18. Bxd3 Bxd3 19. Rfe1 Rc8 20. Nd4 Nb6 21. Ba5 Bc5
22. Nb3 Nc4 23. Rxc4 Qd5 24. Rxc5 Rxc5 25. Nxc5 Qxc5 26. Bb4 Qd5 27. Bxf8 Kxf8
28. Qb4+ Kg8 29. Qd6 1-0

[Event "Titled Tue 1st Jul Late"]
[Site "chess.com INT"]
[Date "2025.07.01"]
[Round "3"]
[White "Vigoa Apecheche, Yanira"]
[Black "Tang, Austin"]
[Result "1-0"]
[WhiteTitle "WGM"]
[WhiteElo "2232"]
[BlackElo "1979"]
[WhiteFideId "3507041"]
[BlackFideId "30964580"]
[EventDate "2025.07.01"]

1. d4 Nf6 2. Bg5 d5 3. Nd2 c5 4. e3 Nc6 5. Ngf3 cxd4 6. exd4 e6 7. c3 Be7 8. Bd3
h6 9. Bh4 O-O 10. O-O Rb8 11. Qe2 Nh5 12. Bxe7 Qxe7 13. g3 Nf6 14. Ne5 Nd7 15.
f4 Qd6 16. Rae1 a6 17. a4 Re8 18. Qh5 Ndxe5 19. fxe5 Qe7 20. Rf4 Rf8 21. Ref1
Qg5 22. Qf3 Qe7 23. h4 b5 24. axb5 axb5 25. b4 Bd7 26. Nb3 Ra8 27. Nc5 Be8 28.
Bb1 Ra3 29. Qd3 g6 30. Qc2 h5 31. Rf6 Nd8 32. Qd2 Kg7 33. Qg5 Qa7 34. Bxg6 fxg6
35. Rxf8 Nf7 36. Nxe6+ Kh7 37. Qf6 Rxc3 38. Ng5+ Nxg5 39. Rh8# 1-0

[Event "Titled Tue 1st Jul Late"]
[Site "chess.com INT"]
[Date "2025.07.01"]
[Round "3"]
[White "Sindarov, Javokhir"]
[Black "Tikhonov, Viacheslav"]
[Result "1-0"]
[WhiteTitle "GM"]
[BlackTitle "CM"]
[WhiteElo "2710"]
[BlackElo "2183"]
[WhiteFideId "14205483"]
[BlackFideId "44196407"]
[EventDate "2025.07.01"]

1. e3 g6 2. c4 Bg7 3. Nc3 Nf6 4. b3 O-O 5. Bb2 c6 6. h4 d5 7. h5 Re8 8. hxg6
hxg6 9. d4 c5 10. Nf3 cxd4 11. Qxd4 Ne4 12. Nxe4 Bxd4 13. Bxd4 f6 14. cxd5 Bf5
15. Bd3 Qxd5 16. Nxf6+ exf6 17. Bc4 Be6 18. Bxd5 Bxd5 19. Bxf6 Nc6 20. Ng5 1-0

[Event "Titled Tue 1st Jul Late"]
[Site "chess.com INT"]
[Date "2025.07.01"]
[Round "3"]
[White "Angulo Perez, Sebastian"]
[Black "Luong Phuong Hanh"]
[Result "0-1"]
[WhiteTitle "CM"]
[BlackTitle "WIM"]
[WhiteElo "2025"]
[BlackElo "2121"]
[WhiteFideId "6544045"]
[BlackFideId "12401013"]
[EventDate "2025.07.01"]

1. e4 c5 2. Nf3 e6 3. d4 cxd4 4. Nxd4 a6 5. c4 Nf6 6. Nc3 Qc7 7. a3 b6 8. Be3
Bb7 9. f3 d6 10. Be2 Nbd7 11. O-O Be7 12. b4 O-O 13. Qb3 Rac8 14. Rac1 Qb8 15.
Na2 Rfe8 16. a4 Ne5 17. Rc2 d5 18. cxd5 exd5 19. Rxc8 Qxc8 20. Rc1 Qd7 21. exd5
Nxd5 22. Bf2 Nf4 23. Bc4 Nxc4 24. Qxc4 Qxa4 25. Nc3 Qxb4 26. Qa2 h6 27. Na4 Bd5
28. Qa1 Bf6 29. Rb1 Bxd4 30. Bxd4 Qxd4+ 31. Qxd4 Ne2+ 32. Kf2 Nxd4 33. Nxb6 Bc6
34. Nc4 Bb5 35. Ne3 f5 36. Nd5 Re2+ 37. Kg1 Kh7 38. Nc3 Rc2 39. Nd5 a5 40. Ne3
Rc5 41. Ra1 a4 42. Nd1 Nc2 43. Ra2 Nb4 44. Ra1 a3 45. Ne3 a2 46. Kf2 Bd3 47. Nd1
Bb1 48. Ke2 f4 49. Kd2 Rc2+ 50. Ke1 Rxg2 51. Nc3 Rxh2 52. Nxb1 axb1=Q+ 0-1

[Event "Titled Tue 1st Jul Late"]
[Site "chess.com INT"]
[Date "2025.07.01"]
[Round "3"]
[White "Lisenkov, Svyatoslav"]
[Black "Alvarado, Carlos"]
[Result "1-0"]
[WhiteTitle "CM"]
[BlackTitle "CM"]
[WhiteElo "2283"]
[BlackElo "2032"]
[WhiteFideId "34264183"]
[BlackFideId "3800555"]
[EventDate "2025.07.01"]

1. e4 c6 2. d4 d5 3. e5 Bf5 4. h4 h6 5. h5 e6 6. g4 Be4 7. f3 Bh7 8. Bd3 Bxd3 9.
Qxd3 Nd7 10. c3 c5 11. Ne2 Ne7 12. a3 Nc6 13. f4 Be7 14. f5 Bh4+ 15. Kf1 Bg5 16.
fxe6 fxe6 17. Qg6+ Kf8 18. Kg2 Bxc1 19. Rf1+ Kg8 20. Qxe6+ Kh7 21. Qg6+ Kg8 22.
Rxc1 Nf8 23. Qf5 Ne7 24. Qf3 Ne6 25. Nd2 Ng5 26. Qg3 Kh7 27. Rf1 Qb6 28. Qd3+
Kg8 29. Nf4 Rf8 30. Ng6 Nxg6 31. hxg6 Qxb2 32. dxc5 Rd8 33. Rfb1 1-0

[Event "Titled Tue 1st Jul Late"]
[Site "chess.com INT"]
[Date "2025.07.01"]
[Round "3"]
[White "Siekanska, Zuzanna"]
[Black "Cuevas Araya, Walter"]
[Result "0-1"]
[WhiteTitle "WCM"]
[BlackTitle "FM"]
[WhiteElo "1864"]
[BlackElo "2052"]
[WhiteFideId "21852537"]
[BlackFideId "3405028"]
[EventDate "2025.07.01"]

1. d4 e5 2. dxe5 Nc6 3. Nf3 Qe7 4. Bf4 f6 5. Nc3 fxe5 6. Bg5 Nf6 7. e3 d6 8. Bb5
Bd7 9. O-O O-O-O 10. a4 h6 11. Bxf6 gxf6 12. a5 a6 13. Ba4 f5 14. Nd5 Qf7 15. b4
Ne7 16. c4 Nxd5 17. cxd5 Bxa4 18. Qxa4 Qxd5 19. Rfd1 Qb5 20. Qb3 Be7 21. Rd5 Qc6
22. b5 axb5 23. Rxb5 Rhg8 24. Ne1 d5 25. a6 bxa6 26. Rxa6 Qxa6 27. Rb8+ Kd7 28.
Qxd5+ Bd6 29. Qf7+ Kc6 30. Rb3 Qa5 31. Rc3+ Kb7 0-1

[Event "Titled Tue 1st Jul Late"]
[Site "chess.com INT"]
[Date "2025.07.01"]
[Round "3"]
[White "Shankland, Sam"]
[Black "Karamsetty, Jeevan"]
[Result "1-0"]
[WhiteTitle "GM"]
[BlackTitle "FM"]
[WhiteElo "2666"]
[BlackElo "2244"]
[WhiteFideId "2004887"]
[BlackFideId "2025337"]
[EventDate "2025.07.01"]

1. c4 g6 2. g3 Bg7 3. Bg2 Nf6 4. Nc3 d6 5. d4 O-O 6. Nf3 c6 7. h3 d5 8. Qb3 dxc4
9. Qxc4 Na6 10. O-O Be6 11. Qa4 Nd5 12. e4 Nb6 13. Qd1 Qd7 14. Kh2 Rad8 15. e5
c5 16. dxc5 Qc8 17. cxb6 Rxd1 18. Rxd1 axb6 19. Bg5 Re8 20. Rac1 Qb8 21. Bf4 h6
22. Nd4 g5 23. Nxe6 fxe6 24. Be3 Bxe5 25. Bxb6 Rf8 26. Rd7 Qe8 27. Rxb7 h5 28.
Re1 Bb8 29. Rxe6 h4 30. Rexe7 Qg6 31. Bd5+ Kh8 32. Bd4+ 1-0

[Event "Titled Tue 1st Jul Late"]
[Site "chess.com INT"]
[Date "2025.07.01"]
[Round "3"]
[White "Pavlov, Nikolay"]
[Black "Zeliantsova, Kseniya"]
[Result "1-0"]
[WhiteTitle "FM"]
[BlackTitle "WFM"]
[WhiteElo "2316"]
[BlackElo "2062"]
[WhiteFideId "24141470"]
[BlackFideId "13512617"]
[EventDate "2025.07.01"]

1. b3 e5 2. Bb2 Nc6 3. e3 Nf6 4. Bb5 d6 5. Ne2 Bd7 6. O-O g6 7. f4 Bg7 8. Ng3
exf4 9. Rxf4 O-O 10. Qf1 Ne5 11. Bxd7 Nfxd7 12. Nc3 Nc5 13. d4 Ne6 14. dxe5 Nxf4
15. exf4 dxe5 16. Rd1 Qe7 17. f5 Rad8 18. Nce4 Rxd1 19. Qxd1 Rd8 20. Qf3 f6 21.
h4 c6 22. Qg4 Qf7 23. Kh2 Kh8 24. Ba3 Rg8 25. Nd6 Qf8 26. fxg6 Bh6 27. Qd7 Rg7
28. Nf7+ Rxf7 29. Qxf7 1-0

[Event "Titled Tue 1st Jul Late"]
[Site "chess.com INT"]
[Date "2025.07.01"]
[Round "3"]
[White "Craciun, Sasha-Matei"]
[Black "Mayans Calvo, Mariano"]
[Result "1-0"]
[WhiteTitle "FM"]
[BlackTitle "CM"]
[WhiteElo "2320"]
[BlackElo "2101"]
[WhiteFideId "1281186"]
[BlackFideId "2251426"]
[EventDate "2025.07.01"]

1. e4 e6 2. d4 d5 3. Nc3 Nf6 4. e5 Nfd7 5. f4 c5 6. Nf3 Nc6 7. Be3 Qb6 8. a3 a5
9. dxc5 Nxc5 10. Na4 Qa7 11. Bb5 Bd7 12. Qe2 b6 13. O-O Be7 14. b4 Nxa4 15. Bxa4
Nxe5 16. Nxe5 Bxa4 17. Qf2 Rb8 18. f5 O-O 19. Qg3 Bf6 20. Rad1 Bxc2 21. Ng4 Qe7
22. Rde1 e5 23. Nxf6+ Qxf6 24. Bg5 Qd6 25. f6 Rfe8 26. Bf4 axb4 27. Qxg7# 1-0

[Event "Titled Tue 1st Jul Late"]
[Site "chess.com INT"]
[Date "2025.07.01"]
[Round "3"]
[White "Frischmann, Rick"]
[Black "Abdurakhmonov, Mukhammadali"]
[Result "1-0"]
[WhiteTitle "FM"]
[BlackTitle "IM"]
[WhiteElo "2355"]
[BlackElo "2348"]
[WhiteFideId "24660752"]
[BlackFideId "14207346"]
[EventDate "2025.07.01"]

1. e4 b6 2. d4 h6 3. f4 Bb7 4. Bd3 e6 5. Nf3 c5 6. c3 cxd4 7. cxd4 Nf6 8. Nc3
Bb4 9. Qe2 d5 10. e5 Ne4 11. Bd2 Nxd2 12. Qxd2 Ba6 13. Bxa6 Nxa6 14. O-O Rc8 15.
Qd3 Nc7 16. Nb5 O-O 17. Nxa7 Qd7 18. Nxc8 Rxc8 19. Rac1 Ra8 20. a3 Bf8 21. Qc2
Nb5 22. Qc6 Qxc6 23. Rxc6 Ra4 24. Rd1 Ra6 25. Rc8 Na7 26. Ra8 Ra5 27. Rc1 Nb5
28. Rxa5 bxa5 29. Rc6 g5 30. fxg5 hxg5 31. h3 Kg7 32. Kf2 Kg6 33. g4 Be7 34. Rb6
Nxd4 35. Ra6 Nb3 36. Ke2 Bc5 37. Nd2 Nd4+ 38. Kd3 Nf3 39. Nxf3 1-0

[Event "Titled Tue 1st Jul Late"]
[Site "chess.com INT"]
[Date "2025.07.01"]
[Round "3"]
[White "Patel, Maahir M"]
[Black "Carlsen, Magnus"]
[Result "0-1"]
[BlackTitle "GM"]
[WhiteElo "2106"]
[BlackElo "2837"]
[WhiteFideId "30995612"]
[BlackFideId "1503014"]
[EventDate "2025.07.01"]

1. e4 c5 2. Nf3 d6 3. d4 cxd4 4. Nxd4 Nf6 5. Nc3 Bd7 6. Bg5 e6 7. Qd2 h6 8. Bxf6
Qxf6 9. Ndb5 Bxb5 10. Bxb5+ Nc6 11. O-O-O Be7 12. Kb1 O-O 13. f4 a6 14. Bd3 b5
15. g4 b4 16. Ne2 g5 17. Rdf1 gxf4 18. Nxf4 Qe5 19. h4 Bf6 20. Qc1 Rfc8 21. Nh5
Bh8 22. g5 Ra7 23. Nf6+ Kf8 24. Ng4 Qa5 25. Nxh6 b3 26. cxb3 Rcc7 27. Nxf7 Nb4
28. Nxh8+ Kg8 29. Rf8+ Kxf8 30. Qf4+ Kg8 31. Bc4 Qxa2+ 32. Kc1 Nd3+ 33. Kd2 Nxf4 0-1

[Event "Titled Tue 1st Jul Late"]
[Site "chess.com INT"]
[Date "2025.07.01"]
[Round "3"]
[White "Bogdanov, Artyom"]
[Black "Nguyen, Ngoc Truong Son"]
[Result "0-1"]
[WhiteTitle "FM"]
[BlackTitle "GM"]
[WhiteElo "2370"]
[BlackElo "2600"]
[WhiteFideId "13749200"]
[BlackFideId "12401110"]
[EventDate "2025.07.01"]

1. e4 e5 2. Nc3 Nc6 3. g3 h5 4. h3 Bc5 5. Bg2 d6 6. d3 Nge7 7. Nge2 Be6 8. Na4
Qd7 9. Nxc5 dxc5 10. Be3 b6 11. b3 a5 12. a4 O-O-O 13. Qd2 f6 14. O-O-O Nb4 15.
Kb2 Nec6 16. Nc1 Qf7 17. Na2 c4 18. Nxb4 Nxb4 19. Qc3 cxd3 20. cxd3 Rd6 21. d4
Rc6 22. Qxc6 Nxc6 23. d5 Bd7 24. dxc6 Bxc6 25. Rc1 Kb7 26. Rc2 Rd8 27. Rhc1 Be8
28. Bf1 c5 29. Bc4 Qe7 30. Bd5+ Bc6 31. Rd1 Bxd5 32. exd5 g5 33. b4 axb4 34. a5
e4 35. axb6 Qe5+ 36. Kc1 Qa1+ 37. Kd2 Rxd5+ 0-1

[Event "Titled Tue 1st Jul Late"]
[Site "chess.com INT"]
[Date "2025.07.01"]
[Round "3"]
[White "Ozen, Deniz"]
[Black "Ghafourian, Amir Ali"]
[Result "1-0"]
[WhiteTitle "IM"]
[BlackTitle "CM"]
[WhiteElo "2374"]
[BlackElo "2111"]
[WhiteFideId "6349196"]
[BlackFideId "12533831"]
[EventDate "2025.07.01"]

1. e4 c5 2. Nf3 d6 3. Bb5+ Bd7 4. Bxd7+ Qxd7 5. O-O Nc6 6. Re1 Nf6 7. c3 e6 8.
d4 cxd4 9. cxd4 d5 10. e5 Ng8 11. a3 h5 12. b4 Be7 13. Bf4 Nh6 14. Nbd2 Nf5 15.
Nb3 Rc8 16. Rc1 O-O 17. Qe2 g6 18. h3 Kg7 19. g4 hxg4 20. hxg4 Nh4 21. Nxh4 Bxh4
22. Nc5 Qe7 23. Qe3 g5 24. Bh2 b6 25. Nd3 Qd7 26. Bg3 Bxg3 27. Qxg5+ Kh7 28. Kg2 1-0

[Event "Titled Tue 1st Jul Late"]
[Site "chess.com INT"]
[Date "2025.07.01"]
[Round "3"]
[White "Klys, Kacper"]
[Black "Stefansson, Vignir Vatnar"]
[Result "0-1"]
[WhiteTitle "CM"]
[BlackTitle "GM"]
[WhiteElo "2218"]
[BlackElo "2515"]
[WhiteFideId "21005281"]
[BlackFideId "2308649"]
[EventDate "2025.07.01"]

1. d4 Nf6 2. Nf3 e6 3. Bf4 d5 4. e3 Bd6 5. Ne5 c5 6. Bb5+ Ke7 7. Nd2 Qc7 8. O-O
Nbd7 9. Nxd7 Bxd7 10. Bxd7 Bxf4 11. exf4 Nxd7 12. dxc5 Nxc5 13. g3 Rac8 14. c3
Rhd8 15. Qe2 Kf8 16. Rad1 Na4 17. Nf3 g6 18. Qc2 Qa5 19. Rd4 Nb6 20. a3 Qb5 21.
Rb4 Qc5 22. Rd4 Nc4 23. Qe2 Qb5 24. Rd2 a6 25. Nd4 Qd7 26. Rd3 Kg8 27. h4 h5 28.
Ra1 Nd6 29. f3 Qc7 30. Qe5 Nc4 31. Qe2 Qb6 32. b4 Nd6 33. Rc1 Nb5 34. Qf2 Nxa3
35. g4 hxg4 36. fxg4 Nb5 37. h5 Nxd4 38. Rxd4 Rc4 39. hxg6 fxg6 40. Re1 Rxc3 41.
Qh4 Qxd4+ 0-1

[Event "Titled Tue 1st Jul Late"]
[Site "chess.com INT"]
[Date "2025.07.01"]
[Round "3"]
[White "Damaraju, Ashwin"]
[Black "Myagmarsuren, Evsuld"]
[Result "1-0"]
[BlackTitle "FM"]
[WhiteElo "2084"]
[BlackElo "2292"]
[WhiteFideId "39908348"]
[BlackFideId "1551639"]
[EventDate "2025.07.01"]

1. e4 c5 2. Nc3 g6 3. d4 cxd4 4. Qxd4 Nf6 5. Be3 Bg7 6. f3 O-O 7. Qd2 Nc6 8.
O-O-O d6 9. Nge2 Be6 10. Nf4 Qa5 11. Nxe6 fxe6 12. Bc4 Kf7 13. Bh6 Bxh6 14. Qxh6
b5 15. Bb3 b4 16. Ne2 Qc5 17. Nf4 Nd8 18. e5 dxe5 19. Nd3 Qb5 20. g4 a5 21. g5
Nh5 22. Rhe1 Nc6 23. Qxh7+ Ng7 24. Bxe6+ Kxe6 25. Qxg7 Rg8 26. Nf4+ Kf5 27. Qf7+
Kxg5 28. Rg1+ Kh6 29. Rxg6+ 1-0

[Event "Titled Tue 1st Jul Late"]
[Site "chess.com INT"]
[Date "2025.07.01"]
[Round "3"]
[White "Bolacky, Jiri"]
[Black "Akhayan, Ruben"]
[Result "0-1"]
[BlackTitle "FM"]
[WhiteElo "2121"]
[BlackElo "2265"]
[WhiteFideId "308706"]
[BlackFideId "204439"]
[EventDate "2025.07.01"]

1. e4 e5 2. Nf3 Nc6 3. Bb5 a6 4. Bxc6 dxc6 5. O-O f6 6. d4 exd4 7. Nxd4 c5 8.
Ne2 Qxd1 9. Rxd1 Bg4 10. f3 Bd7 11. Be3 O-O-O 12. Nbc3 Bd6 13. Nd5 Bc6 14. Rd2
Ne7 15. Nxe7+ Bxe7 16. Rad1 Rxd2 17. Rxd2 g5 18. Ng3 Bd7 19. Nh5 b6 20. Kf2 Be8
21. Ng7 Bg6 22. g4 h5 23. gxh5 Bxh5 24. Nxh5 Rxh5 25. Kg2 Bd6 26. Kg1 Rh3 27.
Rf2 Kd7 28. Bd2 Ke6 29. Bc3 c4 30. Kh1 b5 31. a3 c5 32. Ba5 b4 33. Kg1 c3 34.
bxc3 bxa3 35. c4 a2 36. Bc3 Be5 37. Bxe5 Kxe5 38. Rf1 Rxf3 39. Ra1 Ra3 40. Kf2
Kd4 41. Ke2 Kc3 0-1

[Event "Titled Tue 1st Jul Late"]
[Site "chess.com INT"]
[Date "2025.07.01"]
[Round "3"]
[White "Antoniou, Rafail"]
[Black "Tang, Zoey"]
[Result "1-0"]
[WhiteTitle "CM"]
[BlackTitle "FM"]
[WhiteElo "2134"]
[BlackElo "2356"]
[WhiteFideId "5904390"]
[BlackFideId "30952530"]
[EventDate "2025.07.01"]

1. Nf3 Nf6 2. g3 g6 3. Bg2 Bg7 4. O-O O-O 5. d3 d5 6. Nbd2 c5 7. e4 Nc6 8. c3 b6
9. Qc2 Bb7 10. Re1 Rc8 11. a4 a5 12. e5 Nd7 13. e6 fxe6 14. Ng5 Nf6 15. Nxe6 Qd6
16. Nxf8 Rxf8 17. Nf3 e5 18. Bg5 h6 19. Be3 e4 20. dxe4 dxe4 21. Nd2 Ne5 22.
Nxe4 Nxe4 23. Bxe4 Bxe4 24. Qxe4 Nf3+ 25. Kg2 Nxe1+ 26. Rxe1 Qf6 27. Rd1 Qf7 28.
Rd6 Kh7 29. Rxb6 Re8 30. Qf3 Qa2 31. Bxc5 Qxa4 32. Qf7 Qe4+ 33. f3 Qe2+ 34. Kh3
Qe6+ 1-0

[Event "Titled Tue 1st Jul Late"]
[Site "chess.com INT"]
[Date "2025.07.01"]
[Round "3"]
[White "Budzisz, Adrian"]
[Black "Tica, Sven"]
[Result "0-1"]
[WhiteTitle "CM"]
[BlackTitle "IM"]
[WhiteElo "2100"]
[BlackElo "2442"]
[WhiteFideId "21860238"]
[BlackFideId "14526948"]
[EventDate "2025.07.01"]

1. Nf3 g6 2. g3 Bg7 3. Bg2 d6 4. O-O Nd7 5. d4 e5 6. e4 Ne7 7. Nc3 O-O 8. a4 h6
9. Re1 f5 10. exf5 Nxf5 11. dxe5 Nxe5 12. Nxe5 Bxe5 13. a5 a6 14. Ra4 c6 15. Ne4
Be6 16. Rb4 Qd7 17. f4 Bg7 18. g4 Nh4 19. Qxd6 Qc8 20. Rxb7 Qxb7 21. Qxe6+ Kh8
22. Nd6 Qc7 23. f5 Nxg2 24. Kxg2 Rf6 25. Ne8 Rxe6 26. Rxe6 Rxe8 27. Rxe8+ Kh7
28. Be3 Qd7 29. Re6 gxf5 30. gxf5 Qd5+ 0-1